Literaturwissenschaft und Linguistik : Ergebnisse und Perspektiven /

Saved in:
Bibliographic Details
Other Authors: Ihwe, Jens F.
Format: Book
Language:German
Published: Frankfurt am Main : Athenäum, 1971-1972.
Series:Ars poetica. Texte ; Bd. 8
Subjects:
LEADER 01338nam a2200289ra 4500
001 c000347393
003 CARM
005 00000000000000.0
008 851003m19711972gw a 00100 ger d
019 1 |a 3973523  |z 27849215  |5 LACONCORD2021 
035 |a (OCoLC)248653  |5 LACONCORD2021 
245 0 0 |a Literaturwissenschaft und Linguistik :  |b Ergebnisse und Perspektiven /  |c Jens Ihwe, Hrsg. 
260 |a Frankfurt am Main :  |b Athenäum,  |c 1971-1972. 
300 |a 3 v. in 4 :  |b ill. ;  |c 22 cm. 
490 0 |a Ars poetica. Texte ;  |v Bd. 8 
500 |a Includes index. 
650 0 |a Philology. 
700 1 |a Ihwe, Jens F. 
852 8 |b CARM  |h A1:AM36B0  |i B09798  |p 0441893  |f BK 
852 8 |b CARM  |h A1:AM36B0  |i B09798  |p 0441894  |f BK 
852 8 |b CARM  |h A1:AM21B0  |i B09552  |p 0432787  |f BK 
852 8 |b CARM  |h A1:AM36B0  |i B09798  |p 0441892  |f BK 
999 f f |i 4d2ff789-6a50-5506-9371-31ed8cd338cd  |s 60d8073b-27aa-5772-bc34-20af52622105 
952 f f |p Can circulate  |a CAVAL  |b CAVAL  |c CAVAL  |d CARM 1 Store  |e B09798  |f A1:AM36B0  |h Other scheme  |i book  |m 0441893 
952 f f |p Can circulate  |a CAVAL  |b CAVAL  |c CAVAL  |d CARM 1 Store  |e B09552  |f A1:AM21B0  |h Other scheme  |i book  |m 0432787 
952 f f |p Can circulate  |a CAVAL  |b CAVAL  |c CAVAL  |d CARM 1 Store  |e B09798  |f A1:AM36B0  |h Other scheme  |i book  |m 0441894 
952 f f |p Can circulate  |a CAVAL  |b CAVAL  |c CAVAL  |d CARM 1 Store  |e B09798  |f A1:AM36B0  |h Other scheme  |i book  |m 0441892